[Event "15. OIBM Bad Wiessee"]
[Site "Bad Wiessee"]
[Date "2011.11.01"]
[Round "5.50"]
[White "Müller-Dehn, Christian"]
[Black "Friedrichs, Klaus"]
[Result "1-0"]
[WhiteElo "2153"]
[BlackElo "2304"]
[PlyCount "55"]
[EventDate "2011.??.??"]

1. d4 f5 2. c4 Nf6 3. Nc3 e6 4. Nf3 Bb4 5. Qb3 a5 6. e3 b6 7. Be2 Ne4 8. a3
Bxc3+ 9. bxc3 a4 10. Qb2 O-O 11. O-O Ba6 12. Re1 Nc6 13. Nd2 Na5 14. Nxe4 fxe4
15. Qc2 Qh4 16. Rf1 Bxc4 17. g3 Bb3 18. Qb1 Qh3 19. f4 exf3 20. Bxf3 Bd5 21. e4
Bc4 22. Rf2 Nb3 23. Bf4 Nxa1 24. Qxa1 d5 25. Qd1 Rxf4 26. gxf4 dxe4 27. Bxe4
Qxc3 28. Bxa8 1-0

[Event "15. OIBM Bad Wiessee"]
[Site "Bad Wiessee"]
[Date "2011.11.02"]
[Round "6.1"]
[White "Adhiban, B."]
[Black "Ernst, Sipke"]
[Result "1/2-1/2"]
[WhiteElo "2551"]
[BlackElo "2581"]
[PlyCount "142"]
[EventDate "2011.??.??"]
[BlackTeam "SG Solingen e.V."]

1. d4 Nf6 2. c4 e6 3. Nf3 c5 4. Nc3 cxd4 5. Nxd4 a6 6. g3 Qc7 7. Bg2 Qxc4 8.
O-O Nc6 9. Nb3 Be7 10. e4 Qb4 11. Bf4 O-O 12. Bc7 Ne8 13. a3 Qc4 14. Bf4 a5 15.
Re1 a4 16. Nd2 Qa6 17. Bf1 Qa7 18. Be3 b6 19. Bb5 Nd6 20. Bxa4 Bf6 21. Bf4 Ne5
22. Bb3 Ba6 23. Rc1 Rfc8 24. Bc2 Qb7 25. Bb1 Ra7 26. Nf3 Nxf3+ 27. Qxf3 Nc4 28.
b4 Nxa3 {Diagramm #} 29. b5 $1 Nxb5 $6 (29... Rxc3 30. bxa6 $1 Qc6 $8 31. Bd3
$1 b5 32. Rxc3 Bxc3 33. Rc1 Rxa6 34. Be2 b4 35. Bxa6 Qxa6 36. Bd2 $1 Bxd2 37.
Qd3 $1 Qb7 38. Qxd2 h6 {erbag annähernden Ausgleich, genauso, wie}) (29... Bxc3
30. bxa6 Qc6 31. Bd3 Qa8 32. Red1 b5 {Schach schient halt doch Remis zu sein :
o)}) 30. Nxb5 Rxc1 31. Rxc1 Bxb5 {Diagramm #} 32. e5 $3 Be7 (32... Qxf3 33.
Rc8+ Bd8 34. Rxd8#) 33. Qxb7 Rxb7 34. Rc8+ Bf8 35. Bd2 $1 d6 $8 36. Bb4 Re7 $8
37. Rb8 Bc6 38. exd6 Re8 39. Rxb6 Ba4 40. Bd3 Ra8 41. Kf1 h5 42. Ke2 g6 43. h4
Be8 44. Be4 Ra4 45. Rb8 Bd7 {Diagramm #} 46. Ke3 $2 (46. Bd3 $1 $16) 46... Rxb4
$1 47. Rxb4 Bxd6 $11 48. Rb7 Ba4 49. Kf3 Bd1+ 50. Kg2 Bg4 51. f3 Bf5 52. Bxf5
exf5 53. f4 Bc5 54. Kf3 Bd4 55. Ke2 Kf8 56. Rd7 Bc3 57. Ke3 Kg7 58. Rc7 Be1 59.
Rc1 Bb4 60. Kd4 Kf6 61. Kd5 Bd2 62. Rc6+ Kg7 63. Rb6 Be1 64. Rb3 Bf2 65. Kd6
Kf8 66. Kd7 Be1 67. Rf3 Bd2 68. Rf1 Be3 69. Kd6 Bd4 70. Rf3 Bg1 71. Kd7 Bd4
1/2-1/2

[Event "15. OIBM Bad Wiessee"]
[Site "Bad Wiessee"]
[Date "2011.11.02"]
[Round "6.2"]
[White "Zhigalko, Sergei"]
[Black "Graf, Alexander"]
[Result "1/2-1/2"]
[WhiteElo "2696"]
[BlackElo "2628"]
[PlyCount "89"]
[EventDate "2011.??.??"]
[BlackTeam "SK König Plauen"]

1. e4 e5 2. Nf3 Nc6 3. Bb5 a6 4. Ba4 Nf6 5. O-O Be7 6. Re1 b5 7. Bb3 d6 8. c3
O-O 9. h3 Nb8 10. d4 Nbd7 11. Nbd2 Bb7 12. Bc2 Re8 13. Nf1 Bf8 14. Ng3 g6 15.
a4 c5 16. d5 c4 $11 17. Bg5 h6 18. Be3 Nc5 19. Ra3 Nfd7 20. Qd2 h5 21. Rea1 Qc7
22. Bh6 Be7 23. Bg5 Bf8 24. Nh4 Bg7 25. Rf1 Nf6 26. Bh6 Bh8 27. Kh1 Nh7 28. Be3
Nf6 29. Bh6 Nh7 30. Nf3 Bf6 31. Rfa1 Nf8 32. Bg5 Bg7 33. Bh6 Bf6 34. Bg5 Bg7
35. Qd1 Nfd7 36. Nh4 Nf6 37. Be3 Rab8 38. axb5 axb5 39. Ra5 Bc8 40. Nf3 Bd7 41.
Ra7 Rb7 42. Ra8 Rxa8 43. Rxa8+ Bc8 44. Qa1 Nfd7 45. Ra3 1/2-1/2

[Event "15. OIBM Bad Wiessee"]
[Site "Bad Wiessee"]
[Date "2011.11.02"]
[Round "6.3"]
[White "Nisipeanu, Liviu-Dieter"]
[Black "Sokolov, Andrei"]
[Result "1/2-1/2"]
[WhiteElo "2638"]
[BlackElo "2519"]
[PlyCount "94"]
[EventDate "2011.??.??"]
[BlackTeam "TV Tegernsee"]

1. e4 c5 2. Nf3 e6 3. d4 cxd4 4. Nxd4 Nf6 5. Nc3 d6 6. Be3 Nc6 7. Qd2 Be7 8. f3
O-O 9. O-O-O d5 10. Be2 Nxd4 11. Qxd4 dxe4 12. Qxd8 Rxd8 13. fxe4 Bd7 14. e5
Ne8 15. Bf3 Bc6 16. Bxc6 bxc6 17. Rxd8 Bxd8 18. Ne4 Bb6 19. Re1 f6 20. Nc5 fxe5
21. Nxe6 Nf6 22. Bxb6 axb6 23. Rxe5 Rxa2 24. Nd4 c5 25. Nf5 g6 26. Nd6 Ra1+ 27.
Kd2 Rg1 $11 28. Re2 Nd5 29. g3 Kg7 30. c3 h5 31. Kd3 Rd1+ 32. Kc4 Ne3+ 33. Rxe3
Rxd6 34. h3 Kf6 35. Kb5 Kf5 36. b4 cxb4 37. cxb4 g5 38. Ka6 Rd1 39. Kxb6 Rh1
40. b5 Rxh3 41. Kc6 h4 {Diagramm #} 42. g4+ $1 {ein netter Gewinnversuch} (42.
b6 Rxg3 $11) 42... Kxg4 43. Rxh3 Kxh3 44. b6 g4 45. b7 g3 46. b8=Q g2 47. Qg8
g1=Q $1 (47... Kh2 {tut esauch, aber der Textzug ist eindeutig sympatischer})
1/2-1/2

[Event "15. OIBM Bad Wiessee"]
[Site "Bad Wiessee"]
[Date "2011.11.02"]
[Round "6.5"]
[White "Lenderman, Aleksandr"]
[Black "Volkov, Sergey"]
[Result "1/2-1/2"]
[WhiteElo "2562"]
[BlackElo "2614"]
[PlyCount "83"]
[EventDate "2011.??.??"]

1. c4 e5 2. g3 g6 3. Bg2 Bg7 4. Nc3 d6 5. d3 Nc6 6. h4 h5 7. Bg5 f6 8. Bd2 Nge7
9. Nd5 O-O 10. e3 Be6 11. Ne2 Bf7 12. g4 hxg4 13. h5 Nxd5 14. hxg6 Bxg6 15.
Bxd5+ Bf7 16. Ng3 f5 17. Nxf5 Bxd5 18. cxd5 Qf6 19. e4 Nd4 20. Rh5 Nf3+ 21. Ke2
Qf7 22. Qh1 Nd4+ 23. Kd1 Nxf5 24. exf5 Qd7 25. Qe4 Rf6 26. Qxg4 Raf8 27. Bh6
R8f7 28. Ke2 Rxf5 29. Rxf5 Qxf5 30. Qxf5 Rxf5 31. Be3 a6 32. Rc1 Rf7 33. a4 Kf8
34. b4 Ke8 35. b5 axb5 36. axb5 b6 37. Rc4 Bf6 38. Re4 Kd7 39. Ra4 Rg7 40. Kf1
Rg6 41. Rc4 Rg8 42. Ra4 1/2-1/2

[Event "15. OIBM Bad Wiessee"]
[Site "Bad Wiessee"]
[Date "2011.11.02"]
[Round "6.6"]
[White "Markowski, Tomasz"]
[Black "Zhigalko, Andrey"]
[Result "1-0"]
[WhiteElo "2607"]
[BlackElo "2555"]
[PlyCount "77"]
[EventDate "2011.??.??"]
[WhiteTeam "SK König Plauen"]

1. d4 Nf6 2. c4 g6 3. g3 Bg7 4. Bg2 d5 5. cxd5 Nxd5 6. Nc3 Nb6 7. e3 O-O 8.
Nge2 e5 9. d5 c6 10. e4 cxd5 11. exd5 Bf5 12. O-O Na6 13. b3 Nb4 14. a3 Na6 15.
h3 Nc8 16. g4 Bd7 17. a4 Nb4 18. Be3 a5 19. Rc1 b6 20. d6 Ra7 21. Ng3 f5 22.
gxf5 Bxf5 23. Nge4 Rd7 24. Bg5 Qe8 25. Nb5 Qe6 26. Rc7 Bxh3 27. Rxd7 Qxd7 28.
Bxh3 Qxh3 29. d7 Nd3 30. dxc8=Q Rxc8 31. Nbd6 Rf8 32. f3 Nf4 33. Bxf4 exf4 34.
Qd5+ Kh8 35. Nf7+ Rxf7 36. Qxf7 Bd4+ 37. Rf2 Bxf2+ 38. Kxf2 Qh2+ 39. Kf1 1-0

[Event "15. OIBM Bad Wiessee"]
[Site "Bad Wiessee"]
[Date "2011.11.02"]
[Round "6.7"]
[White "Baklan, Vladimir"]
[Black "Jakubiec, Artur"]
[Result "1/2-1/2"]
[WhiteElo "2617"]
[BlackElo "2528"]
[PlyCount "55"]
[EventDate "2011.??.??"]
[WhiteTeam "SG Porz e.V."]

1. e4 c5 2. Nf3 Nc6 3. Bb5 d6 4. O-O Bd7 5. c3 Nf6 6. Re1 a6 7. Bc4 Bg4 8. d4
Bxf3 9. gxf3 e5 10. dxc5 dxc5 11. Na3 Qc7 12. f4 Bd6 13. f5 O-O-O 14. Qf3 g5
15. fxg6 Rhg8 16. Kh1 Rxg6 17. Be3 Kb8 18. Rg1 Qe7 19. Bg5 b5 20. Be2 Qe6 21.
Qf5 Be7 22. Qxe6 fxe6 23. Be3 Rdg8 24. Rxg6 Rxg6 25. Nc2 Kc7 26. a4 c4 27. axb5
axb5 28. f3 1/2-1/2

[Event "15. OIBM Bad Wiessee"]
[Site "Bad Wiessee"]
[Date "2011.11.02"]
[Round "6.8"]
[White "Nyzhnyk, Illja"]
[Black "Kempinski, Robert"]
[Result "1/2-1/2"]
[WhiteElo "2561"]
[BlackElo "2604"]
[PlyCount "20"]
[EventDate "2011.??.??"]
[BlackTeam "Hamburger SK von 1830 eV"]

1. d4 d5 2. c4 c6 3. Nf3 Nf6 4. Nc3 dxc4 5. a4 e6 6. e3 c5 7. Bxc4 Nc6 8. O-O
cxd4 9. exd4 Be7 10. Bg5 O-O 1/2-1/2

[Event "15. OIBM Bad Wiessee"]
[Site "Bad Wiessee"]
[Date "2011.11.02"]
[Round "6.9"]
[White "Zakhartsov, Viacheslav"]
[Black "Krivoborodov, Egor"]
[Result "1/2-1/2"]
[WhiteElo "2580"]
[BlackElo "2505"]
[PlyCount "40"]
[EventDate "2011.??.??"]

1. d4 d5 2. c4 c6 3. Nf3 Nf6 4. Nc3 a6 5. a4 e6 6. Bg5 Nbd7 7. Qc2 h6 8. Bh4
Qa5 9. e3 b5 10. c5 b4 11. Nb1 Ne4 12. Nfd2 b3 13. Qxb3 Rb8 14. Qc2 Qb4 15. Bd3
Ndxc5 16. Bxe4 Nxe4 17. O-O Qxb2 18. Qxb2 Rxb2 19. Nxe4 dxe4 20. Nc3 c5 1/2-1/2

[Event "15. OIBM Bad Wiessee"]
[Site "Bad Wiessee"]
[Date "2011.11.02"]
[Round "6.10"]
[White "Rozentalis, Eduardas"]
[Black "Forchert, Martin"]
[Result "1-0"]
[WhiteElo "2575"]
[BlackElo "2420"]
[PlyCount "155"]
[EventDate "2011.??.??"]
[BlackTeam "Bielefelder SK von 1883"]

1. e4 d5 2. exd5 Qxd5 3. Nc3 Qa5 4. d4 c6 5. Bc4 Nf6 6. h3 Bf5 7. Nf3 e6 8. O-O
Bd6 9. Qe2 O-O 10. Ne5 Nbd7 11. Re1 Rfe8 12. g4 Bg6 13. h4 Bxe5 14. dxe5 Nxg4
15. Qxg4 Nxe5 16. Qf4 Nxc4 17. Qxc4 Bxc2 18. Bf4 Qh5 19. Bg3 Rad8 20. Re3 Rd7
21. Rae1 Red8 22. Re5 Bf5 23. a4 Rd4 24. Qc5 Qg6 25. a5 Rg4 26. Kg2 f6 27. Rxe6
Bxe6 28. Rxe6 Rd3 29. Ne2 h6 30. h5 Qf7 31. Re7 Qd5+ 32. Qxd5+ Rxd5 33. Rxb7
Rxa5 34. Nf4 Rb5 35. Rxa7 Rxb2 36. Rc7 Rb5 37. Rxc6 Rf5 38. Kf3 Rgg5 39. Ke4
Re5+ 40. Kd4 Rg4 41. Kd3 Kh7 42. Rc7 Rgg5 43. Bh4 Rgf5 44. Rc4 Re8 45. Bg3 Ree5
46. Rc8 Rc5 47. Rd8 Rce5 48. Kd4 Re1 49. Rc8 Ree5 50. Kd3 Rc5 51. Re8 Ra5 52.
Ne6 Ra7 53. Nf8+ Kg8 54. Ng6+ Kf7 55. Rf8+ Ke6 56. Nf4+ Ke7 57. Rb8 Kf7 58. Ke4
Re5+ 59. Kf3 Rf5 60. Kg4 Rg5+ 61. Kh4 Ra4 62. Rb7+ Kg8 63. Kh3 Rf5 64. Ne6
Rxh5+ 65. Kg2 Rg4 66. f3 Rg6 67. Nf4 Rxg3+ 68. Kxg3 Rg5+ 69. Kf2 Re5 70. Ng6
Rg5 71. Ne7+ Kh7 72. f4 Ra5 73. f5 h5 74. Rb3 Kh6 75. Rg3 Re5 76. Re3 Kg5 77.
Re1 Kf4 78. Ng6+ 1-0

[Event "15. OIBM Bad Wiessee"]
[Site "Bad Wiessee"]
[Date "2011.11.02"]
[Round "6.11"]
[White "Ortmann, David"]
[Black "Andersson, Ulf"]
[Result "1/2-1/2"]
[WhiteElo "2355"]
[BlackElo "2582"]
[PlyCount "28"]
[EventDate "2011.??.??"]
[WhiteTeam "SC Böblingen 1975 e.V."]
[BlackTeam "SF Gerresheim 86 e.V."]

1. Nf3 Nf6 2. c4 c5 3. Nc3 b6 4. g3 Bb7 5. Bg2 g6 6. O-O Bg7 7. d4 cxd4 8. Qxd4
d6 9. Rd1 Nbd7 10. Be3 O-O 11. Qh4 a6 12. Rac1 Rc8 13. b3 Re8 14. Bh3 h5
1/2-1/2

[Event "15. OIBM Bad Wiessee"]
[Site "Bad Wiessee"]
[Date "2011.11.02"]
[Round "6.12"]
[White "Eingorn, Vereslav"]
[Black "Michalczak, Thomas"]
[Result "1-0"]
[WhiteElo "2567"]
[BlackElo "2316"]
[PlyCount "71"]
[EventDate "2011.??.??"]
[BlackTeam "SG Solingen e.V."]

1. d4 Nf6 2. c4 e6 3. Nc3 d5 4. Bg5 Be7 5. e3 h6 6. Bh4 O-O 7. Rc1 Ne4 8. Bxe7
Qxe7 9. cxd5 Nxc3 10. Rxc3 exd5 11. Bd3 c6 12. Qc2 Qg5 13. g3 Bg4 14. h3 Be6
15. Ne2 {Diagramm #} Nd7 $4 16. f4 Qh5 17. f5 $18 Qf3 18. Rf1 Qxe3 19. Qd2
Qxd2+ 20. Kxd2 Rac8 21. Rcc1 c5 22. fxe6 fxe6 23. Rxf8+ Kxf8 24. Bb5 Nf6 25.
dxc5 Ne4+ 26. Ke3 Rxc5 27. Rxc5 Nxc5 28. Nc3 Ke7 29. b4 Nd7 30. Bxd7 Kxd7 31.
Kd4 Kd6 32. Nb5+ Kc6 33. Nxa7+ Kb6 34. Nc8+ Kc7 35. Ne7 Kd6 36. Ng6 1-0

[Event "15. OIBM Bad Wiessee"]
[Site "Bad Wiessee"]
[Date "2011.11.02"]
[Round "6.14"]
[White "Kunin, Vitaly"]
[Black "Maric, Davor"]
[Result "1-0"]
[WhiteElo "2549"]
[BlackElo "2319"]
[PlyCount "91"]
[EventDate "2011.??.??"]
[WhiteTeam "Freibauer Mörlenbach-Birkenau"]
[BlackTeam "Kasseler SK 1876"]

1. d4 Nf6 2. c4 g6 3. Nc3 Bg7 4. e4 d6 5. Be2 O-O 6. Bg5 Na6 7. f4 Qe8 8. Nf3
e5 9. fxe5 dxe5 10. d5 h6 11. Bh4 Nh5 12. Bf2 c5 13. Qd2 Bd7 14. O-O-O Rc8 15.
Ne1 Nf4 16. Bf3 Kh7 17. h4 f5 18. g3 Nh5 19. Nd3 Nf6 20. Rhe1 fxe4 21. Nxe4
Nxe4 22. Bxe4 Bg4 23. Kb1 Bxd1 24. Qxd1 Kh8 25. Be3 b5 26. cxb5 Qxb5 27. Qg4
Qe8 28. Bxg6 Qe7 29. Bf5 Rb8 30. Bf4 Qb7 31. Bxe5 Bxe5 32. Rxe5 Qg7 33. Qxg7+
Kxg7 34. d6 Kf6 35. g4 Rfe8 36. Rd5 Nb4 37. Nxb4 cxb4 38. d7 Red8 39. Rd6+ Ke5
40. Rxh6 a5 41. Rc6 a4 42. h5 b3 43. h6 Rb4 44. axb3 axb3 45. Kc1 Rd4 46. h7
1-0

[Event "15. OIBM Bad Wiessee"]
[Site "Bad Wiessee"]
[Date "2011.11.02"]
[Round "6.15"]
[White "Hertneck, Gerald"]
[Black "Berchtenbreiter, Max"]
[Result "0-1"]
[WhiteElo "2547"]
[BlackElo "2290"]
[PlyCount "102"]
[EventDate "2011.??.??"]
[WhiteTeam "MSA Zugzwang 82 e.V."]
[BlackTeam "SGem Pang/Rosenheim"]

1. c4 c6 2. d4 d5 3. Nf3 Nf6 4. Nc3 a6 5. c5 Nbd7 6. Bf4 g6 7. e3 Bg7 8. h3 O-O
9. Be2 Ne8 10. b4 f6 11. O-O e5 12. Bh2 e4 13. Nd2 f5 14. Nb3 Nc7 15. a4 Ne6
16. Qd2 Bh6 17. b5 {Diagramm #} f4 $1 18. Bg4 Nf6 19. Bxe6+ Bxe6 20. Bxf4 Bxf4
21. exf4 Nh5 22. Ne2 axb5 23. axb5 cxb5 24. Rxa8 Qxa8 25. Qa5 Qb8 (25... Qc8 $5
{mit der Idee Lxh3 war auch nicht zu verachten,z.B.:} 26. Qxb5 Bxh3 27. gxh3
Qxh3 {und der weisse König muss sich vor der Guillotine führchten}) 26. Qxb5
Nxf4 27. Nxf4 Qxf4 28. Qe2 Qg5 29. Qe3 Qh4 30. Na5 Rf7 31. Rb1 {Diagramm #}
Bxh3 $1 {just in diesem Moment trat ich ans Brett. Maxi hatte eine Stunde und
27 Minuten auf der Uhr! Das Verhältnis von Qulität und Geschwindigkeit des
Spiels ist beeindruckend!} 32. c6 bxc6 33. Qxh3 Qxf2+ 34. Kh2 {Diagramm #} Rf5
$1 35. Rb8+ Kg7 36. Rb7+ Kf6 37. Rxh7 e3 $1 {Schwarz hat noch einen Trumpf im
Ärmel!} 38. Nxc6 e2 {Diagramm #} 39. Rf7+ $1 Kg5 $1 40. Rxf5+ gxf5 41. Ne5 e1=Q
42. Nf3+ Qxf3 43. gxf3 (43. Qxf3 {hat auch nichts mehr geholfen} Qh4+ 44. Qh3
Qxd4 {mit guten Gewinnchancen für Schwarz}) 43... Kf4 44. Qh6+ Kxf3 45. Qh3+
Ke4 46. Qg2+ Kxd4 47. Qb2+ Qc3 48. Qf2+ Qe3 49. Qb2+ Ke4 50. Qb1+ Kf3 51. Qh1+
Ke2 0-1

[Event "15. OIBM Bad Wiessee"]
[Site "Bad Wiessee"]
[Date "2011.11.02"]
[Round "6.16"]
[White "Naumann, Alexander"]
[Black "Kummerow, Heiko"]
[Result "1/2-1/2"]
[WhiteElo "2546"]
[BlackElo "2347"]
[PlyCount "60"]
[EventDate "2011.??.??"]
[WhiteTeam "SG Solingen e.V."]
[BlackTeam "Recklinghäuser Schachgemeinschaf"]

1. d4 Nf6 2. c4 g6 3. g3 Bg7 4. Bg2 O-O 5. Nc3 d6 6. Nf3 Nc6 7. O-O a6 8. Qd3
Bd7 9. d5 Nb4 10. Qd1 a5 11. Be3 c6 12. Qd2 Rc8 13. Rac1 Re8 14. Rfd1 cxd5 15.
cxd5 Na6 16. Bh6 Bh8 17. e4 Nc5 18. Qf4 Ng4 19. Bh3 Nxh6 20. Bxd7 Qxd7 21. Qxh6
Bg7 22. Qe3 Na4 23. e5 Nxb2 24. e6 fxe6 25. dxe6 Qd8 26. Re1 Nc4 27. Qd3 Nb2
28. Qd2 Nc4 29. Qd3 Nb2 30. Qd2 Nc4 1/2-1/2

[Event "15. OIBM Bad Wiessee"]
[Site "Bad Wiessee"]
[Date "2011.11.02"]
[Round "6.17"]
[White "Teske, Henrik"]
[Black "Pohle, Dirk"]
[Result "1-0"]
[WhiteElo "2547"]
[BlackElo "2215"]
[PlyCount "47"]
[EventDate "2011.??.??"]
[WhiteTeam "SC 1950 Remagen"]
[BlackTeam "SC Solingen 1928 e.V."]

1. d4 Nf6 2. Bg5 e6 3. e4 h6 4. Bxf6 Qxf6 5. Nc3 d6 6. Bc4 g5 7. Nge2 Nc6 8.
Qd2 Bg7 9. Rd1 Bd7 10. Qe3 a6 11. O-O b5 12. Bb3 Na5 13. f4 Qe7 14. e5 Nxb3 15.
axb3 dxe5 16. fxe5 Bc6 17. Ng3 O-O 18. Nh5 f5 19. exf6 Bxf6 20. d5 Bxc3 21.
Qxc3 Rxf1+ 22. Rxf1 Bb7 23. dxe6 b4 24. Qe5 1-0

[Event "15. OIBM Bad Wiessee"]
[Site "Bad Wiessee"]
[Date "2011.11.02"]
[Round "6.18"]
[White "Bromberger, Stefan"]
[Black "Thiel, Kuno"]
[Result "1-0"]
[WhiteElo "2511"]
[BlackElo "2194"]
[PlyCount "109"]
[EventDate "2011.??.??"]
[WhiteTeam "FC Bayern München e.V."]
[BlackTeam "SV Hennef 1927 e.V."]

1. e4 Nf6 2. e5 Nd5 3. c4 Nb6 4. d4 d6 5. f4 Bf5 6. Nc3 Na6 7. Be3 c5 8. Nf3 e6
9. Qe2 Qc8 10. O-O-O Be7 11. g4 Bxg4 12. Rg1 Bh5 13. exd6 Bxd6 14. Ne4 Be7 15.
dxc5 Nxc5 (15... Qc6) 16. Bxc5 Bxc5 17. Rg5 Bxf3 18. Qxf3 Be7 19. Rxg7 Nxc4 20.
Qh5 Na3+ 21. Kd2 Qc2+ 22. Ke3 Rf8 23. bxa3 a6 24. Rg2 Qa4 25. Rgd2 Rc8 26. Rd3
Rc4 27. Rd8+ Bxd8 28. Nd6+ Ke7 29. Nxc4 Qc6 30. Rd6 Bb6+ 31. Kd3 Rd8 32. Qg5+
Ke8 33. Qxd8+ Bxd8 34. Rxc6 bxc6 35. Bg2 c5 36. a4 Bc7 37. Bc6+ Ke7 38. Ke3 a5
39. h3 h6 40. Bb5 Kf6 41. Ke4 Ke7 42. f5 Kf6 43. fxe6 fxe6 44. Nd2 Kg5 45. Nf3+
Kf6 46. Bc4 Bd6 47. Ne1 Bc7 48. Nd3 Bd6 49. Nf4 Kg5 50. Nxe6+ Kh4 51. Bf1 Kg3
52. Kd5 Be7 53. Nxc5 Kf2 54. Bb5 Kg3 55. Bd7 1-0

[Event "15. OIBM Bad Wiessee"]
[Site "Bad Wiessee"]
[Date "2011.11.02"]
[Round "6.19"]
[White "Kern, Guido"]
[Black "Meins, Gerlef"]
[Result "0-1"]
[WhiteElo "2355"]
[BlackElo "2490"]
[PlyCount "106"]
[EventDate "2011.??.??"]
[WhiteTeam "SV Dinslaken 1923 e.V."]
[BlackTeam "SAbt SV Werder Bremen"]

1. Nf3 Nf6 2. g3 d5 3. Bg2 c6 4. O-O Bg4 5. c4 e6 6. d3 dxc4 7. dxc4 Qxd1 8.
Rxd1 Nbd7 9. Nc3 h6 10. Bf4 g5 11. Be5 Bxf3 12. Bxf6 Nxf6 13. Bxf3 Bg7 14. Ne4
Nxe4 15. Bxe4 Ke7 16. Rd2 Rhd8 17. Rxd8 Rxd8 18. Bd3 f5 19. Rd1 a5 20. b3 Bb2
21. e3 e5 22. f3 Ba3 23. Kf1 Bc5 24. Ke2 Rf8 25. Rh1 h5 26. h3 Kf6 27. g4 e4
28. fxe4 fxg4 29. hxg4 h4 30. Rf1+ Ke6 31. Rf5 h3 32. Rxf8 Bxf8 33. e5 h2 34.
Be4 Kxe5 35. Bh1 Ba3 36. Kd2 Kd6 37. Kd3 Kc5 38. Kc3 Bc1 39. a4 Bxe3 40. Kd3
Bf4 41. Bg2 Kb4 42. Kc2 {Diagramm #} b5 43. axb5 $2 (43. cxb5 c5 $3 $19 {
funktioniert analog zur Partie, aber}) (43. Bxc6 $1 bxc4 44. bxc4 Kc5 45. Bh1
Kd4 46. Kd1 Ke3 47. Ke1 $1 {hätte die Stellung gehalten, z.B.} Bd6 48. Kf1 Kf4
49. Bd5 Kxg4 50. Kg2 $11) 43... c5 $3 {jetzt ist der Durchbruch a5-a4 nicht zu
verhindern. Damit bekommt Schwarz einen zweiten Freibauern und gewinnt leicht}
44. Bd5 Be5 45. b6 Bf6 46. b7 Be5 47. Bc6 a4 48. bxa4 Kxc4 49. a5 Bb8 50. a6
Ba7 51. Kd2 Kb3 52. Ke2 (52. Be4 c4 53. Kc1 Kc3 {und der schwarze König
marschiert zum h-Bauern}) 52... c4 53. Bd5 Kb2 0-1

[Event "15. OIBM Bad Wiessee"]
[Site "Bad Wiessee"]
[Date "2011.11.02"]
[Round "6.20"]
[White "Bach, Matthias"]
[Black "Siebrecht, Sebastian"]
[Result "0-1"]
[WhiteElo "2316"]
[BlackElo "2471"]
[PlyCount "102"]
[EventDate "2011.??.??"]
[WhiteTeam "Hamburger SK von 1830 eV"]
[BlackTeam "Sportfreunde Katernberg 1913 e.V"]

1. d3 d5 2. Nd2 Nf6 3. e3 g6 4. Be2 Bg7 5. h4 h5 6. Nh3 e5 7. b4 O-O 8. Bb2 d4
9. e4 a5 10. b5 a4 11. c4 c5 12. f3 Ne8 13. Nf2 Nd6 14. g4 f5 15. gxh5 gxh5 16.
f4 exf4 17. Bf3 Nd7 18. e5 Re8 19. Bd5+ Kf8 20. Qxh5 Rxe5+ 21. Kf1 Nf6 22. Qg5
Qe7 23. Nh3 Nxd5 24. cxd5 a3 25. Qxe7+ Rxe7 26. Bc1 Re3 27. Kf2 Bh6 28. Nf3 Bd7
29. Nfg5 Rxd3 30. Nxf4 Rc3 31. Nfe6+ Kg8 32. Rg1 Rc2+ 33. Kf3 Bxe6 34. Nxe6+
Kh7 35. Bxh6 Kxh6 36. Rg5 Rc3+ 37. Kf4 Re3 38. Rag1 Re4+ 39. Kf3 Rxh4 40. Rg6+
Kh7 41. Nf4 Re8 42. Ne6 Nxb5 43. Rf6 d3 44. Rxf5 Nd4+ 45. Nxd4 cxd4 46. d6 Re3+
47. Kf2 Rh2+ 48. Rg2 Re2+ 49. Kf3 Rhxg2 50. Rh5+ Kg6 51. d7 Ref2+ 0-1

[Event "15. OIBM Bad Wiessee"]
[Site "Bad Wiessee"]
[Date "2011.11.02"]
[Round "6.21"]
[White "Wacker, Peter"]
[Black "Pezerovic, Edin"]
[Result "1/2-1/2"]
[WhiteElo "2270"]
[BlackElo "2455"]
[PlyCount "49"]
[EventDate "2011.??.??"]
[WhiteTeam "Pulheimer Sport-Club 1924/57 e.V"]
[BlackTeam "TV Tegernsee"]

1. e4 c6 2. d4 d5 3. exd5 cxd5 4. Bd3 Nc6 5. c3 Nf6 6. h3 e5 7. dxe5 Nxe5 8.
Nf3 Nxd3+ 9. Qxd3 Be7 10. Be3 O-O 11. Nbd2 b6 12. O-O Bb7 13. Nd4 Ne4 14. Nf5
Bf6 15. Bd4 Nc5 16. Qg3 Ne6 17. Be5 Bxe5 18. Qxe5 Qb8 19. Rfe1 Qxe5 20. Rxe5
Rfd8 21. Nf3 g6 22. N5d4 Nxd4 23. Nxd4 Re8 24. Rxe8+ Rxe8 25. f3 1/2-1/2

[Event "15. OIBM Bad Wiessee"]
[Site "Bad Wiessee"]
[Date "2011.11.02"]
[Round "6.22"]
[White "Lokander, Martin"]
[Black "Lund, Silas"]
[Result "0-1"]
[WhiteElo "2113"]
[BlackElo "2380"]
[PlyCount "76"]
[EventDate "2011.??.??"]
[WhiteTeam "SK Rockaden"]
[BlackTeam "Lunds ASK"]

1. d4 d5 2. c4 e6 3. Nc3 c6 4. Nf3 Nf6 5. Qd3 dxc4 6. Qxc4 b5 7. Qd3 Nbd7 8. g3
Bb7 9. Bg2 Be7 10. O-O O-O 11. a3 a6 12. b4 a5 13. Rb1 axb4 14. axb4 Nd5 15.
Nxd5 cxd5 16. Ne5 Nb6 17. Qxb5 Ba6 18. Qa5 Bxe2 19. Nc6 Rxa5 20. Nxd8 Ra2 21.
Nc6 Bd6 22. Re1 Bd3 23. Rb3 Bc4 24. Rb1 Rc8 25. Na5 Bd3 26. Rb3 Ra1 27. Bd2
Rxe1+ 28. Bxe1 Rc1 29. Rxd3 Bxb4 30. Nb3 Rxe1+ 31. Bf1 Nc4 32. Kg2 g5 33. g4
Kg7 34. Rh3 Re4 35. Kg3 Rf4 36. Rh5 h6 37. h4 f6 38. hxg5 fxg5 0-1

[Event "15. OIBM Bad Wiessee"]
[Site "Bad Wiessee"]
[Date "2011.11.02"]
[Round "6.23"]
[White "Schweiger, Georg"]
[Black "Zude, Arno"]
[Result "0-1"]
[WhiteElo "2162"]
[BlackElo "2431"]
[PlyCount "48"]
[EventDate "2011.??.??"]
[WhiteTeam "SU Ebersberg-Grafing"]
[BlackTeam "SV 1920 Hofheim"]

1. d4 Nf6 2. Nc3 d5 3. Bg5 c5 4. Bxf6 gxf6 5. e3 e6 6. Qh5 cxd4 7. exd4 Nc6 8.
Nf3 Bg7 9. Bb5 Bd7 10. O-O a6 11. Bxc6 Bxc6 12. Rfe1 O-O 13. Re3 Qb6 14. Nh4
Qxd4 15. Rd1 Qf4 16. Rg3 Kh8 17. Ne2 Qh6 18. Qxh6 Bxh6 19. Nd4 Rfc8 20. Rh3 Bf8
21. Rb3 b5 22. Nxc6 Rxc6 23. c3 Rb8 24. Nf3 Rcb6 0-1

[Event "15. OIBM Bad Wiessee"]
[Site "Bad Wiessee"]
[Date "2011.11.02"]
[Round "6.24"]
[White "Weber, Ulrich"]
[Black "de Heer, Peter"]
[Result "1-0"]
[WhiteElo "2406"]
[BlackElo "2049"]
[PlyCount "77"]
[EventDate "2011.??.??"]
[WhiteTeam "SV 1920 Hofheim"]
[BlackTeam "Zuckertort"]

1. Nf3 Nf6 2. d4 g6 3. c4 Bg7 4. Nc3 O-O 5. e4 d6 6. Be2 e5 7. Be3 Qe7 8. dxe5
dxe5 9. Nd5 Nxd5 10. cxd5 Qb4+ 11. Nd2 f5 12. Rc1 b6 13. f3 fxe4 14. O-O Ba6 (
14... exf3 15. Nxf3 $16) 15. fxe4 Qxb2 16. Rxf8+ Bxf8 17. Rxc7 Qa3 18. Nb3 Bd6
19. Rc2 Qb4 20. Nd2 Qa3 21. Bf2 Nd7 22. Bxa6 Qxa6 23. Nc4 b5 24. Nxd6 Qxd6 25.
Rc6 Qb4 26. Qc2 Rf8 27. Rc8 Rxc8 28. Qxc8+ Nf8 29. Qc2 a5 30. h3 a4 31. Bc5
Qe1+ 32. Kh2 Nd7 33. Bf2 Qf1 34. Qc8+ Nf8 35. Bg3 Qe2 36. d6 Qd3 37. Bxe5 b4
38. Qe8 b3 39. Qe7 1-0

[Event "15. OIBM Bad Wiessee"]
[Site "Bad Wiessee"]
[Date "2011.11.02"]
[Round "6.25"]
[White "Müller-Dehn, Christian"]
[Black "Kotainy, Jens"]
[Result "0-1"]
[WhiteElo "2153"]
[BlackElo "2406"]
[PlyCount "104"]
[EventDate "2011.??.??"]
[WhiteTeam "SV Berenbostel"]
[BlackTeam "Sportfreunde Katernberg 1913 e.V"]

1. d4 Nf6 2. c4 c5 3. d5 e5 4. Nc3 d6 5. e4 Nbd7 6. g3 g6 7. Bg2 Bg7 8. Nge2
O-O 9. O-O Ne8 10. Qc2 f5 11. Bd2 Nc7 12. a4 b6 13. Rae1 a6 14. Qd3 Rb8 15. b3
Nf6 16. f4 exf4 17. Bxf4 Ng4 18. exf5 Bxf5 19. Be4 Bxe4 20. Nxe4 Ne5 21. Bxe5
Bxe5 22. Rxf8+ Qxf8 23. Rf1 Qe7 24. N2c3 Kg7 25. Kg2 h6 26. g4 Qd7 27. Qf3 b5
28. axb5 axb5 29. cxb5 Qe7 30. Qd3 Qe8 31. Re1 Nxb5 32. Nxb5 Qxb5 33. Qxb5 Rxb5
34. Re3 Bf4 35. Rf3 g5 36. h3 Rb4 37. Nf2 Kf6 38. Rd3 Ke5 39. Kf3 Rd4 40. Ke2
Kxd5 41. Nd1 Ke5 42. Nc3 Rb4 43. Nd5 Re4+ 44. Kf3 Re1 45. Ne7 Rf1+ 46. Ke2 Rh1
47. Ng6+ Ke6 48. Rf3 Be5 49. Kd3 Rc1 50. Re3 Rc3+ 51. Kd2 Rxe3 52. Kxe3 Bd4+
0-1